1357 1673 1062 1684 1102 1544 1895 1977 1447 1451 1846 1308 1329 1286 1635 1934 1143 1578 1208 1385 1198 1657 1471 1404 1824 1430 1752 1209 1639 1190 1278 1265 1730 1627 1105 1248 1942 1396 1538 1332 1656 1030 1499 1488 1736 1413 1801 1436 1521 1468 1074 1931 1622 1430 1127 1520 1523 1190 1792 1161 1357 1542 1251 1689 1040 1399 1874 1131 1657 1654 1323 1568 1726 1869 1437 1044 1604 1952 1564 1629 1798 1720 1358 1167 1413 1799 1996 1582 1124 1238 1481 1355 1870 1941 1948 1038 1597 1416 1610 BCNSPRNW ULIB Ver.6.0+V

เปลี่ยนเป็นภาษาไทย

Change to English
 แสดงรายละเอียดบรรณานุกรม
  กลับหน้าหลัก

Brief Record : Get Marc (ISO 2709) : E-mail record : QR code < ปิดหน้าต่าง
LEADER : 00000nam 2200000uu 4500
001    13399110981
003     ULIB
008    110614s||||||||th 000 0 tha d
020    9748212432 (ล.2)
050  4 AC159^bส631น ล.2 2543
245 00 108 ซองคำถาม.^nเล่ม 2 /^cประวิทย์ สุวณิชย์, บรรณาธิการ
250    พิมพ์ครั้งที่ 3
260    กรุงเทพฯ :^bสารคดี,^c2543
300    222 หน้า :^bภาพประกอบ
650  4 ความรู้ทั่วไป
650  4 รวมเรื่อง
650  4 คำถามและคำตอบ
700 0  ประวิทย์ สุวณิชย์
945    ^p76^l0^i015940
995    ทศพร
999 ^a ใช้งานได้ทุกระบบ
รายการนี้ยังไม่มีแท็ก
คุณยังไม่ได้ล็อกอิน คุณสามารถมีกิจกรรมร่วมกับเว็บไซต์ได้ แต่ต้องล็อกอินก่อน ::
  ล็อกอิน

รายการสื่อสารสนเทศ

ลำดับที่ ประเภท เลขเรียก/บาร์โค้ด สถานที่ สถานะ
- ไม่พบข้อมูล -

รายการใกล้เคียง
    หัวเรื่อง [ความรู้ทั่วไป]
    หัวเรื่อง [รวมเรื่อง]
    หัวเรื่อง [คำถามและคำตอบ]

BibComment


ยังไม่เคยถูกคอมเมนท์

คอมเมนท์ทรัพยากรรายการนี้
  คอมเมนท์: 108 ซองคำถาม เล่ม..


 Copyright 2026. Bcnsprnw @Library